000 00521nam a22001697a 4500
999 _c8768
_d8768
008 201214b ||||| |||| 00| 0 eng d
040 _aBMS College of Architecture
100 _aKokeri, Kuldeep Kavya
245 _aArt experience center, Bangalore
300 _a41p.
500 _a1BM11AT086
502 _8B,Arch
_NBMS College of Architecture, Visvesvaraya Technological University (VTU)
_aProject report
_d2015
650 _aArt
700 _aYogeshwari k
_eGuide
700 _aSoumya Koka
_eGuide
942 _2ddc
_cTHE